000
00341nam a22001457a 4500
008
210225b ||||| |||| 00| 0 eng d
020
_a
9780721686523
041
_a
eng
080
_2
2nd
_a
610.73
082
_a
610.73
100
_a
1
101
_a
INF
245
_a
Foundations of Maternal-Newborn Nursing
_c
Gorrie, T. M
942
_2
udc
_c
BK
999
_c
55202
_d
55202